Loading...

Marutam An aspect of love in Tamil literature /

Bibliographic Details
Language:Undetermined
LEADER 00336nam a2200097Ia 4500
001 150578
008 170722s9999 xx 000 0 und d
245 |a Marutam  |b An aspect of love in Tamil literature / 
942 |c GEN 
999 |c 163141  |d 163141 
952 |0 0  |1 0  |4 0  |6 O_31GS55M2  |7 0  |9 227369  |a LIB  |b LIB  |d 2017-08-12  |o O31:g(S:55)-M2  |p G25312  |r 2017-08-12  |w 2017-08-12  |y GEN